Szczegóły MARC21

Ekonomia menedżerska /

003 -Nazwa inst., której nr kontr. jest w polu 001 [,]
    • @
    • Nazwa instytucji, której n kontrolny jest w polu 001
    • NUKAT
005 -DATA I CZAS OSTATNIEJ MODYFIKACJI [,]
    • @
    • pole kontrolne
    • 20241231100719.0
020 -Międzynarod. znormalizowany nr książki - ISBN [ , ]
    • a
    • Numer ISBN
    • 8320810884 Find
040 -Instytucja sporządzająca opis [ , ]
    • a
    • Instytucja, która sporządziła opis (NP)
    • Ł U/GS
    • c
    • Instytucja, która sporządziła rekord (NP)
    • Ł U/GS
    • d
    • Instytucja, która zmodyfikowała rekord (P)
    • Ł U/AG
    • d
    • Instytucja, która zmodyfikowała rekord (P)
    • Ł U/MSs
    • d
    • Instytucja, która zmodyfikowała rekord (P)
    • KR U/42AKs
    • d
    • Instytucja, która zmodyfikowała rekord (P)
    • WA 14/MB
    • d
    • Instytucja, która zmodyfikowała rekord (P)
    • KR 93/MSs
    • d
    • Instytucja, która zmodyfikowała rekord (P)
    • GL 001/ER
041 -Język dokumentu [1, ]
    • a
    • Język tekstu (P)
    • polski
    • h
    • Język tekstu oryginalnego i/lub pośredniego (P)
    • angielski
942 -Rodzaj dokumentu [ , ]
    • c
    • Rodzaj dokumentu
    • Książka
100 -Hasło główne - nazwa osobowa [1, ]
    • a
    • Nazwa osobowa (NP)
    • Samuelson, William F.
    • 9
    • KHW
    • 79759
240 -Tytuł ujednolicony [1,0]
    • a
    • Tytuł ujednolicony
    • Managerial economics
    • l
    • Język tekstu
    • (pol.)
    • 9
    • KHW
    • 28554
245 -Strefa tytułu i oznaczenia odpowiedzialności [1,0]
    • a
    • Tytuł
    • Ekonomia menedżerska / Find
    • c
    • Pozostałe elementy strefy tytułu i oznaczenia odpowiedzialności (NP)
    • William F. Samuelson, Stephen G. Marks ; red. nauk. przekł. Ryszard Rapacki ; tł. Bogusław Czarny [et al.].
260 -Strefa adresu wydawniczego [ , ]
    • a
    • Miejsce wydania (P)
    • Warszawa :
    • b
    • Nazwa wydawcy (P)
    • Polskie Wydawnictwo Ekonomiczne,
    • c
    • Data wydania (P)
    • 1998.
300 -Strefa opisu fizycznego [ , ]
    • a
    • Określenie formy książki i/lub objętość (NP)
    • 870 s. :
    • b
    • Oznaczenie ilustracji (NP)
    • il. ;
    • c
    • Format (NP)
    • 25 cm.
336 -Typ zawartości [ , ]
    • a
    • Termin opisujący typ zawartości
    • Tekst
    • b
    • Kod określający zawartość
    • txt
    • 2
    • Źródło (terminu i kodu)
    • rdacontent
337 -Typ mediów [ , ]
    • a
    • Tryb odtwarzania
    • Bez urządzenia pośredniczącego
    • b
    • Kod typu mediów
    • n
    • 2
    • Źródło (terminu i kodu)
    • rdamedia
338 -Typ/rodzaj nośnika [ , ]
    • a
    • Hasło opisujące typ nośnika
    • Wolumin
    • b
    • Kod typu nośnika
    • nc
    • 2
    • Źródło (terminu i kodu)
    • rdacarrier
504 -Uwaga dot. bibliogr. załącznikowej [ , ]
    • a
    • Uwaga dot. bibliografii załącznikowej
    • Bibliogr. przy rozdz. Indeks.
080 -Uniwersalna Klasyfikacja Dziesiętna [ , ]
    • a
    • Symbol klasyfikacji
    • 658.1/.5.012.4(075.8)
080 -Uniwersalna Klasyfikacja Dziesiętna [ , ]
    • a
    • Symbol klasyfikacji
    • :330.322(075.8)
650 -Hasło przedmiotowe [ ,7]
    • a
    • Hasło przedmiotowe
    • Ekonomika przedsiębiorstwa
    • v
    • Określnik formalny
    • podręczniki akademickie.
    • 2
    • Źródło terminu
    • kaba
    • 9
    • KHW
    • 350632
650 -Hasło przedmiotowe [ ,7]
    • a
    • Hasło przedmiotowe
    • Podejmowanie decyzji
    • v
    • Określnik formalny
    • podręczniki akademickie.
    • 2
    • Źródło terminu
    • kaba
    • 9
    • KHW
    • 360346
980 -Symbol UKD [ , ]
    • a
    • UKD
    • 658.1/.5.012.4:330.322](075.8)
700 -Hasło dodatkowe - nazwa osobowa [1, ]
    • a
    • Nazwa osobowa (NP)
    • Marks, Stephen G. Find
    • 9
    • KHW
    • 79758
700 -Hasło dodatkowe - nazwa osobowa [1, ]
    • a
    • Nazwa osobowa (NP)
    • Rapacki, Ryszard. Find
    • e
    • Określenie rodzaju współpracy
    • Red.
    • 9
    • KHW
    • 838
700 -Hasło dodatkowe - nazwa osobowa [1, ]
    • a
    • Nazwa osobowa (NP)
    • Czarny, Bogusław Find
    • d
    • Daty biograficzne (NP)
    • (1957- ).
    • e
    • Określenie rodzaju współpracy
    • Tł.
    • 9
    • KHW
    • 843
710 -Hasło dodatkowe - nazwa ciała zbiorowego [2, ]
    • a
    • Nazwa ciała zbiorowego lub nazwa geograficzna jako pierwszy element (NP)
    • Polskie Wydawnictwo Ekonomiczne.
    • 4
    • Kod relacji
    • pbl
    • 9
    • KHW
    • 50784
920 -ISBN [ , ]
    • a
    • ISBN
    • 83-208-1088-4 Find
Data inwentaryzacji Lokalizacja Sygnatura Numer inwentarzowy Status udost.
1998-10-21BE E.65725-2
1998-10-21BE S.827992
1998-10-21BE S.82800-6
1998-10-21BE S.82801-6
1998-10-21BE S.82802-6
1998-10-23BE S.82903-6
1999-07-01BE S.83928-6
1999-07-01BE S.83929-6
1999-07-01BE S.83930-6
1999-07-01BE S.83931-3
1999-07-01BE S.839322
1999-07-01BE S.839332
1999-07-01BE S.839342
2015-02-18BE S.94968-2
1998-10-29BGZ.92640Z.926401
1998-10-23T T.128-2